El Brasil lulista: una hegemonía al revés. Entrevista a Francisco Chico de Oliveira /

में बचाया:
ग्रंथसूची विवरण
मुख्य लेखक: Modonesi, Massimo
स्वरूप: मूलपाठ
टैग: टैग जोड़ें
कोई टैग नहीं, इस रिकॉर्ड को टैग करने वाले पहले व्यक्ति बनें!

MARC

LEADER 00000 a a2200000 04500
001 44682
003
040
100 |a Modonesi, Massimo  
245 |a El Brasil lulista:   |b una hegemonía al revés. Entrevista a Francisco Chico de Oliveira /  |c Massimo Modonesi 
773 |g volumen12, número30 (2013), páginas 67-75  
999 |c 22157  |d 22157